| 000 | 00909cam a22002775a 4500 | ||
|---|---|---|---|
| 999 |
_c21560 _d21532 |
||
| 001 | 14994443 | ||
| 003 | EG-ScBUE | ||
| 005 | 20201027105055.0 | ||
| 008 | 070905t2008 mau f b 001 0 eng d | ||
| 020 | _a9781405176668 (pbk. : alk. paper) | ||
| 040 |
_aDLC _beng _erda _cDLC _dDLC _dEG-ScBUE |
||
| 082 | 0 | 4 |
_a801.950905 _bHAB _222 |
| 100 | 1 |
_aHabib, Rafey, _eauthor. _938835 |
|
| 245 | 1 | 0 |
_aModern literary criticism and theory : _ba history / _cM. A. R. Habib. |
| 264 | 1 |
_aMalden, MA : _bBlackwell Publishing, _c[2008] |
|
| 264 | 4 | _cc2008 | |
| 300 |
_aviii, 252 pages ; _c23 cm |
||
| 336 |
_2rdacontent _atext _btxt |
||
| 337 |
_2rdamedia _aunmediated _bn |
||
| 338 |
_2rdacarrier _avolume _bnc |
||
| 504 | _aIncludes bibliographical references and index. | ||
| 650 | 7 |
_aCriticism _xHistory _y20th century. _2BUEsh _939743 |
|
| 653 |
_cApril2016 _bHHUUEENN |
||
| 655 |
_vReading book _934232 |
||
| 942 |
_2ddc _cBB |
||